Macro-Economic Theory a mathematical Treatment

Saved in:
Bibliographic Details
Main Author: Allen, R.G.D
Format: Book
Language:English
Published: London MacMillan 1967
Tags: Add Tag
No Tags, Be the first to tag this record!

MARC

LEADER 00000nam a2200000 4500
001 c034336
005 20260306112049.2
041 0 |a eng 
044 |a GB 
245 1 0 |a Macro-Economic Theory  |b a mathematical Treatment  |c R.G.D. Allen 
264 1 |a London  |b MacMillan  |c 1967 
300 |a 420 s. 
100 1 |a Allen, R.G.D.